| 000 | 00492nab a2200145Ia 4500 | ||
|---|---|---|---|
| 003 | ES-SlBCS | ||
| 005 | 20210601125335.0 | ||
| 008 | 140529s1978 xxu||||| |||| 00| 0 eng d | ||
| 041 | _aeng | ||
| 100 | 1 |
_aSlattery, Michael P. _950930 |
|
| 245 | 0 | 0 |
_aChristian Materialism Versus Anti-Christian Spirituality _c Michael P. Slattery |
| 650 | 0 | 4 |
_aMaterialismo _988993 |
| 773 | 0 |
_tProceedings of the American Catholic Philosophical Association _gvol. 52, 1978, págs. 159-167 _wRev836 |
|
| 942 | _cAR | ||
| 999 |
_c528776 _d528776 |
||